Ładuje się......

Soviet Russian literature : writers and problems1917-1977

Opis bibliograficzny
1. autor: Slonim, Marc
Format: Printed Book
Język:English
Wydane: London : OUP , c1977.
LEADER 00504nam a22001457a 4500
008 161217b xxu||||| |||| 00| 0 eng d
020 |a 0195021525 
082 |a 891.733 SLO/S 
100 |a Slonim, Marc 
245 |a Soviet Russian literature :  |b writers and problems1917-1977 
260 |a London :  |b OUP ,  |c c1977. 
300 |b 437p. 
942 |c BK 
999 |c 194911  |d 194911 
952 |0 0  |1 0  |4 0  |6 891_733000000000000_SLO_S  |7 0  |9 215270  |a ENG  |b ENG  |c ST1  |d 2016-12-17  |i 12870  |l 0  |o 891.733 SLO/S  |p ENG12870  |r 2016-12-17  |w 2016-12-17  |y BK